Ripoff General Knowledge Quiz - Statistics

General Stats
  • This quiz has been taken 2 times
  • The average score is 17 of 26
Answer Stats
Question Answer % Correct
How many states border Alaska? 0
100%
What year was 9/11? 2001
100%
How many hearts does an octopus have? 3
100%
What is pi’s first 3 digits? 3.14
100%
How many faces does a cube have? 6
100%
What is the middle between heaven and hell? Limbo
100%
What is the 13th letter of the alphabet? M
100%
What is no in Spanish No
100%
How many football teams haven’t won a Super Bowl yet? 12
50%
How many countries are in South America? 12
50%
How many weeks are in year? 52
50%
What are the Southern Lights’ real name? Aurora Australis
50%
What is the 2nd biggest country? Canada
50%
Name the first 3 elements of the six in CHNOPS Carbon Hydrogen Nitrogen
50%
What are the products of photosynthesis Glucose and Oxygen
50%
What is hello in German? Hallo
50%
What is the capital of Pennsylvania? Harrisburg
50%
What’s the biggest thing ever? Jo Mama
50%
What is the rarest mineral on Earth? Kyawthuite
50%
What part of the cell creates ATP energy? Mitochondria
50%
Who owns Antarctica? No one
50%
What continent is Australia part of? Oceania
50%
What is a synonym for fear? Phobia
50%
What country has the most degrees of freedom? Switzerland
50%
What is the largest city by area Tokyo
50%
What is the biggest word in the dictionary at 45 letters? Pneumonoultramicroscopicsilicovolcanoconiosis
0%
No matching quizzes found
Score Distribution
Percent of People with Each Score
Percentile by Number Answered
Your Score History
You have not taken this quiz